000 00406nam a2200157Ia 4500
008 220204s9999 xx 000 0 und d
020 _a0824741250
082 _a577.21:575
_bPRA
100 _aBohnert, Hans J
245 0 _aGenomics of plants and fungi
260 _aNew York
_bMarcel Dekker
_c2003
650 _aBioinformatics
650 _aMolecular genetics
700 _aPrade, Rolf A
942 _cBK
999 _c42634
_d42634